O založení královského města Plzně /

Hlavní autor: Strnad, Josef, 1852-1930
Jazyk: Čeština
Vydáno: V Plzni : Nákladem městského historickéo musea, 1894
Edice: Prameny a příspěvky k dějinám královského města Plzně
Publikace městského historického musea v Plzni
Témata:
Externí odkaz: Digitalizovaný dokument
Fyzický popis: 25 s. ; 24 cm
Knihy
Uloženo v:
LEADER 01784nam a22004092a 4500
001 001321910
003 CZ BrMZK
005 20130903074426.0
007 ta
008 130829s1894 xr er|||||||||||cze d
015 |a cnb001522662 
020 |q (Brož.) 
035 |a (OCoLC)79356088 
040 |a ABA001  |b cze 
043 |a e-xr---  |b e-xr-pl  |2 czenas 
072 7 |a 94(437)  |x Dějiny Česka a Slovenska  |2 Konspekt  |9 8 
080 |a 94(437.317)  |2 MRF 
080 |a (046)  |2 MRF 
100 1 |a Strnad, Josef,  |d 1852-1930  |7 jk01121449  |4 aut 
245 1 0 |a O založení královského města Plzně /  |c podává Josef Strnad 
260 |a V Plzni :  |b Nákladem městského historickéo musea,  |c 1894 
300 |a 25 s. ;  |c 24 cm 
490 1 |a Prameny a příspěvky k dějinám královského města Plzně ;  |v č. 4 
490 1 |a Publikací městského historického musea v Plzni ;  |v č. 2 
501 |a Obsahuje přívazky: M. Šimona Plachého z Třebnice Paměti Plzeňské / Josef Strnad. Č. 1 -- Znak královského města Plzně, jeho historický vývoj a popis / Josef Strnad. Č. 2 
655 7 |a články  |7 fd133976  |2 czenas 
651 7 |a Plzeň (Česko)  |7 ge130439  |x dějiny  |2 czenas 
830 0 |a Prameny a příspěvky k dějinám královského města Plzně  |0 s 
830 0 |a Publikace městského historického musea v Plzni  |0 s 
856 4 1 |u https://kramerius.nkp.cz/kramerius/handle/ABA001/11602598  |y Digitalizovaný dokument 
910 |a BOA001  |b 2-0034.602,4 
928 9 |a Městské historické museum 
990 |a BK 
991 |b 201308 
996 6 |b 2619606498  |c 2-0034.602,4  |l MZK  |r Sklad / do 24 hodin  |n 1  |w 001356944  |u 000010  |a 1  |e BOA001  |j MZK50  |s P 
994 |a DN  |l MZK01  |b 001321898  |m záznam 1. díla  |n přívazek 1 
994 |a DN  |l MZK01  |b 001321922  |m záznam 1. díla  |n přívazek 2